00416pam a2200157 a 4500020001100000040002500011041001300036082001600049100001700065245005800082250001400140260004300154300001300197365001100210653003700221 c190.00 aMedical College Lib. aENGhENG a617.96bYAD aYadav, Ajay. aShort Textbook of Anaesthesia / chTextual Documents a3rd / b. aDelhi : bAcadema Publishers , c2007. a242 ; c a190.00 aAnaesthesiologyaMedical Science